000 00963nam a2200253 a 4500
001 000019465
005 20200929170027.0
008 100629s2005 es c 000 0bspa d
020 _a8497647394
040 _aDO-SdBNP
_bspa
_cBNPHU
082 _a923.144
_bJ832
100 1 _aAndrés Loriente, Benito de,
_d1960-
_941808
245 1 0 _aJosefina /
_cBenito de Andrés Loriente ; coordinador general Felipe Sen ; coordinador de colección Mar de Ventura Fernández.
260 _aMadrid :
_bEdimat,
_c2005.
300 _a189 p. :
_bretrs. ;
_c22 cm.
490 1 _aMujeres en la historia
500 _aIncluye datos biográficos del autor en el chaleco
504 _aIncluye bibliografías (p. 189)
600 1 4 _aJOSEFINA,
_cEMPERATRIZ CONSORTE DE NAPOLEÓN, EMPERADOR DE FRACIA,
_d1763-1814
_941809
700 1 _aSen, Felipe,
_ecoord.
_941707
700 1 _aVentura Fernández, Mar de,
_ecoord.
_941759
830 0 _aMujeres en la historia
_941760
049 _aBNPD
999 _c18981
_d18981